000 nam a22 7a 4500
999 _c10210
_d10210
008 180213b ||||| |||| 00| 0 eng d
100 _aCBSE
_96208
245 _aLife Skills Education-VIII
260 _aNew Delhi
_bOswal Books
_c2011